<?xml version="1.0" encoding="UTF-8"?>
<collection xmlns="http://www.loc.gov/MARC21/slim">
 <record>
  <leader>01543pam a22002658a 4500</leader>
  <controlfield tag="001">00000815</controlfield>
  <controlfield tag="008">110323s2001                  ||||||Viesd</controlfield>
  <controlfield tag="005">20171026081022.0</controlfield>
  <datafield tag="020" ind1=" " ind2=" ">
   <subfield code="c">65000</subfield>
  </datafield>
  <datafield tag="041" ind1="0" ind2="#">
   <subfield code="a">Vie</subfield>
  </datafield>
  <datafield tag="082" ind1="1" ind2="4">
   <subfield code="a">343</subfield>
   <subfield code="b">H250T</subfield>
  </datafield>
  <datafield tag="100" ind1="0" ind2="#">
   <subfield code="a">John H.Jackson</subfield>
  </datafield>
  <datafield tag="245" ind1="0" ind2="0">
   <subfield code="a">Hệ thống Thương mại thế giới : Luật và chính sách về các quân hệ kinh tế quốc tế</subfield>
   <subfield code="c">John H.Jackson ; Phạm Viêm Phương , Huỳnh Văn Thanh</subfield>
  </datafield>
  <datafield tag="246" ind1="0" ind2="1">
   <subfield code="a">The world Trading System : Law and policy of International Economic Relations</subfield>
  </datafield>
  <datafield tag="260" ind1="#" ind2="#">
   <subfield code="a">Tp.HCM</subfield>
   <subfield code="b">Thanh niên</subfield>
   <subfield code="c">2001</subfield>
  </datafield>
  <datafield tag="300" ind1="#" ind2="#">
   <subfield code="a">403 tr.</subfield>
   <subfield code="c">22 cm.</subfield>
  </datafield>
  <datafield tag="504" ind1="#" ind2="#">
   <subfield code="a">Khảo sát các qui tắc chi phối hoạt động thương mại quốc tế . Trình bày những lý luận làm nền tảng cho hệ thống luật lệ của GATT và WTO ; những bất hợp lý và bế tắc mà WTO phải giải quyết để đăm bảo sự cân bằng , bình đẵng cho các bên tham gia vào thương mại thé giới</subfield>
  </datafield>
  <datafield tag="505" ind1="#" ind2="#">
   <subfield code="a">Thương mại thế giới</subfield>
  </datafield>
  <datafield tag="520" ind1="3" ind2="#">
   <subfield code="a">Hệ thống thương mại</subfield>
   <subfield code="a">Thương mại thế giới</subfield>
   <subfield code="a">Luật quốc tế</subfield>
   <subfield code="a">Chính sách</subfield>
   <subfield code="a">Quốc tế</subfield>
  </datafield>
  <datafield tag="541" ind1="#" ind2="#">
   <subfield code="a">Phạm Viêm Phương</subfield>
   <subfield code="e">Dịch</subfield>
  </datafield>
  <datafield tag="546" ind1="#" ind2="#">
   <subfield code="a">Huỳnh Văn Thanh</subfield>
   <subfield code="e">Dịch</subfield>
  </datafield>
  <datafield tag="852" ind1="#" ind2="#">
   <subfield code="b">Kho mượn</subfield>
   <subfield code="j">KM.0004804</subfield>
  </datafield>
  <datafield tag="852" ind1="#" ind2="#">
   <subfield code="j">KM.0004804</subfield>
  </datafield>
  <datafield tag="910" ind1=" " ind2=" ">
   <subfield code="d">23/03/2011</subfield>
  </datafield>
  <datafield tag="980" ind1="#" ind2="#">
   <subfield code="a">Trung tâm Học liệu Lê Vũ Hùng, Trường Đại học Đồng Tháp</subfield>
  </datafield>
 </record>
</collection>
